Artur von Feilitzsch
| Titel: | Artur von Feilitzsch / Rudolf Rösler |
|---|---|
| Verfasser: | |
| In: |
Ostdeutsche Gedenktage, (2009), Seite 74-77 alle Artikel anzeigen |
| Veröffentlicht: | 2010 |
| Format: | Aufsatz |
| Sprache: | Deutsch |
X
alg: 42525257 001A $03025:26-01-18 001B $03025:31-01-18 $t12:30:46.000 001C $03025:26-01-18 $t15:29:51.000 001D $03025:26-01-18 001U $0utf8 001X $00 002@ $0Aou 002C $aText $btxt $2rdacontent 002D $aohne Hilfsmittel zu benutzen $bn $2rdamedia 002E $aBand $bnc $2rdacarrier 003@ $0425252574 007A $0425252574 $aHEB 010@ $ager 010E $erda 011@ $a2010 021A $aArtur von Feilitzsch $hRudolf Rösler 028A $BVerfasser $4aut $7 $8Roesler, Rudolf [Tnd] $9137884524 031A $h74-77 $j2009 039B $aEnthalten in $8--Abvc--. Ostdeutsche Gedenktage. - Bonn : Kulturstiftung der Vertriebenen, 1965-[2018] $x200900000000000926 $9047761881 044K $71151421340 $8Feilitzsch, Artur$cvon$Z1859-1925 [Tp3] $9425255956 045T $a8,1 lok: 42525257 78 exp: 42525257 78 1 #EPN 201B/01 $031-01-18 $t12:30:46.000 201C/01 $026-01-18 201U/01 $0utf8 203@/01 $01016452004 208@/01 $a26-01-18 $be 209A/01 $a/ $f000 $x00 209A/01 $ab*p $x01 220C/01 $awma 244Z/01 $#Cabinet officers $#Ministres $#Ministri $#Ministros $#Minister $74130305-2 $8--Ts1--Minister $x01 $9085460117 244Z/01 $#Politicians $#Hommes politiques $#Hommes d'État $#Politici $#Políticos $#Politiker $#Politiker $#Staatsmann $74046517-2 $8--Ts1--Politiker $x02 $9085129852 244Z/01 $#Landwirtschaft Ministerium $#Agrarministerium $#Ernährungsministerium $74166687-2 $8--Ts1--Landwirtschaftsministerium $x03 $9085750557 244Z/01 $#Ungarn $#Ungarn $#Ungarische Räterepublik $#Königreich Ungarn $#Die @Länder der ungarischen Krone $#Transleithanien $#Magyarország $#Magyar Köztársaság $#Magyar Tanácsköztársaság $#Government of the Hungarian Republic $#Zemalja Ugarske Krune $#VNR $#Ungern $#Ungarische Republik $#Republik Ungarn $#Ungarische Volksrepublik $#Volksrepublik Ungarn $#Magyar Népköztársaság $#Hungary $#Hungarian Republic $#Hongrie $#Vengerskaja Narodnaja Respublika $#Hungarian People's Republic $#HPR Hungarian People's Republic $#République Populaire Hongroise $#Ungarische VR $#Republic of Hungary $#Vengrija $74078541-5 $8--Tgz--Ungarn $x15 $9085222712 247C/01 $82080>Marburg/Lahn, Herder-Institut, Forschungsbibliothek, Bibliographieportal $9336309341
| LEADER | 00000caa a2200000 c 4500 | ||
|---|---|---|---|
| 001 | 425252574 | ||
| 003 | DE-603 | ||
| 005 | 20180131123046.0 | ||
| 007 | tu | ||
| 008 | 180126s2010 xx |||| | u00||u|ger c | ||
| 035 | |a (DE-599)HEB425252574 | ||
| 040 | |a DE-603 |b ger |c DE-603 |d DE-603 |e rda | ||
| 041 | |a ger | ||
| 084 | |a 8,1 |2 ssgn | ||
| 100 | 1 | |a Roesler, Rudolf |e Verfasser |4 aut |0 (DE-603)137884524 | |
| 245 | 0 | 0 | |a Artur von Feilitzsch |c Rudolf Rösler |
| 264 | 0 | |c 2010 | |
| 336 | |a Text |b txt |2 rdacontent | ||
| 337 | |a ohne Hilfsmittel zu benutzen |b n |2 rdamedia | ||
| 338 | |a Band |b nc |2 rdacarrier | ||
| 600 | 1 | 7 | |a Feilitzsch, Artur von |d 1859-1925 |0 (DE-588)1151421340 |0 (DE-603)425255956 |2 gnd |
| 773 | 0 | 8 | |i Enthalten in |t Ostdeutsche Gedenktage |d Bonn : Kulturstiftung der Vertriebenen, 1965-[2018] |g (2009), Seite 74-77 |w (DE-603)047761881 |w (DE-600)521278-9 |
| 924 | 0 | |9 2080 |a (DE-603)1016452004 |b DE-2080 |c HES |d d |g / | |


